Farm management in West Africa / (Record no. 15371)
[ view plain ]
| 000 -LEADER | |
|---|---|
| fixed length control field | 00692nam a2200241Ia 4500 |
| 001 - CONTROL NUMBER | |
| control field | 15371 |
| 003 - CONTROL NUMBER IDENTIFIER | |
| rucl marc code | BD-RjUL |
| 005 - DATE AND TIME OF LATEST TRANSACTION | |
| control field | 20211208235813.0 |
| 008 - FIXED-LENGTH DATA ELEMENTS--GENERAL INFORMATION | |
| fixed length control field | 140210r19661966enka b 00110 eng d |
| 035 ## - SYSTEM CONTROL NUMBER | |
| System control number | (BD-RjUL)15425 |
| 040 ## - CATALOGING SOURCE | |
| Original cataloging agency | HLS |
| Transcribing agency | HLS |
| Modifying agency | BOS |
| -- | BD-RjUL |
| Language of cataloging | eng |
| 041 ## - LANGUAGE CODE | |
| Language code of text/sound track or separate title | eng |
| 082 ## - DEWEY DECIMAL CLASSIFICATION NUMBER | |
| Classification number | 630.68 |
| Author mark and year | PHF 1966 |
| 090 ## - LOCALLY ASSIGNED LC-TYPE CALL NUMBER (OCLC); LOCAL CALL NUMBER (OCLC) | |
| Classification number (OCLC) (R) ; Classification number, CALL (RLIN) (NR) | S517.A45 |
| Local cutter number (OCLC) ; Book number/undivided call number, CALL (RLIN) | F61 |
| 100 10 - MAIN ENTRY--PERSONAL NAME | |
| Personal name | Phillips, T. A. |
| 9 (RLIN) | 47769 |
| 245 10 - TITLE STATEMENT | |
| Title | Farm management in West Africa / |
| Statement of responsibility, etc. | T.A. Phillips. |
| 260 ## - PUBLICATION, DISTRIBUTION, ETC. (IMPRINT) | |
| Place of publication, distribution, etc. | London : |
| Name of publisher, distributor, etc. | Longman, |
| Date of publication, distribution, etc. | c1961 [impression 1966] |
| 300 ## - PHYSICAL DESCRIPTION | |
| Pagination | viii, 149 p. : |
| Illustrations | ill. ; |
| Size | 21 cm. |
| 504 ## - BIBLIOGRAPHY, ETC. NOTE | |
| Bibliography, etc | Bibliography: p. 142. |
| Bibliography, etc | Includes index. |
| 650 #0 - SUBJECT ADDED ENTRY--TOPICAL TERM | |
| Topical term or geographic name as entry element | Farm management |
| Geographic subdivision | Africa, West. |
| 9 (RLIN) | 47770 |
| 942 ## - ADDED ENTRY ELEMENTS (KOHA) | |
| Source of classification or shelving scheme | Dewey Decimal Classification |
| Koha item type | Books |
| Lost status | Source of classification or shelving scheme | Damaged status | Not for loan | Collection code | Permanent Location | Current Location | Shelving location | Date acquired | Source of acquisition | Total Checkouts | Full call number | Date last seen | Copy number | Koha item type |
|---|---|---|---|---|---|---|---|---|---|---|---|---|---|---|
| Dewey Decimal Classification | Not For Loan | Non-fiction | Central Library, University of Rajshahi | Central Library, University of Rajshahi | Reading Room | 25/01/1969 | Zeitlinger | 630.68 PHF 1966 | 10/02/2014 | C-1 | Books | |||
| Dewey Decimal Classification | Non-fiction | Central Library, University of Rajshahi | Central Library, University of Rajshahi | 25/01/1969 | Zetlinger | 630.68 PHF 1966 | 01/06/2017 | C-2 | Books |